000 01133nam a22002177a 4500
005 20240314165730.0
008 240314e20240314|xx|||||o||||o00| 0 eng d
110 1 _aHealth and Safety Executive
_9491
245 _aLetter to industry: Registration of the Building Control Profession
_b – transitional arrangements
260 _bHSE,
_c14 March 2024
520 _aLetter to the Building Control industry outlining new transitional arrangements for the registration of building control inspectors in England. In particular a competence assessment extension period of 13 weeks will be introduced from 6 April to 6 July 2024 to enable those who meet specific criteria to continue to operate.
610 1 0 _aHealth and Safety Executive
_9491
650 _aBUILDING CONTROL
650 _aBUILDING SAFETY
650 _aCOMPETENCE ASSESSMENT
650 _aFIRE SAFETY
650 _aHEALTH AND SAFETY
690 _aBuilding control
_96222
856 _uhttps://press.hse.gov.uk/2024/03/14/letter-to-industry-registration-of-the-building-control-profession-transitional-arrangements/
_zLetter available on HSE.gov.uk
942 _2ddc
999 _c121850
_d121850